[Event "FIDE Chesscom Grand Swiss 2019"]
[Site "Douglas-Isle of Man"]
[Date "2019.10.19"]
[Round "9.27"]
[White "Jumabayev, Rinat"]
[Black "Eljanov, Pavel"]
[Result "1/2-1/2"]
[WhiteElo "2630"]
[BlackElo "2663"]
[Annotator "TA"]
[PlyCount "185"]
[EventDate "2019.10.10"]
[EventType "swiss"]
[EventCountry "GBR"]
[SourceTitle "playchess.com"]
[Source "ChessBase"]
[SourceQuality "1"]

{[%evp 15,185,25,21,0,0,0,0,0,0,0,0,0,0,0,-8,-7,4,-30,-22,-42,-45,-37,-16,-26,0,0,-1,-3,27,30,54,29,57,57,47,56,135,125,137,127,135,135,128,127,183,186,205,204,191,120,118,133,129,116,160,146,157,153,124,113,102,19,20,8,12,16,53,50,41,29,62,14,12,8,32,0,8,0,0,0,8,21,13,8,27,8,58,0,0,-8,-8,-8,-8,-8,0,0,0,0,0,0,0,0,0,-8,0,0,0,0,0,0,0,0,0,0,0,0,0,0,33,8,8,8,12,15,8,21,20,0,0,0,0,0,0,0,0,0,0,0,0,-12,0,-17,-17,-245,-227,-189,-8,-138,-138,-138,-138,-139,-139,-139,-139,-139,-139,-139,-138,-12806,-8,-8,-8,-8,-8,-8,-8,-8,-8,-8,-8,-8]} 1. d4 d5 2. c4 e6 3. Nf3 Nf6 4. g3 Bb4+ 5. Bd2 Be7 6. Bg2 O-O 7. O-O Nbd7 8. Qc2 c6 9. Rc1 {E11: Bogo-Indian} a5 10. a4 (10. a3 h6 11. e3 Re8 12. b3 a4 13. b4 Ne4 14. c5 Bf6 15. Nc3 e5 16. Nxe4 dxe4 17. Nxe5 Nxe5 18. dxe5 Bxe5 {½-½ (70) Ding,L (2811)-Alekseenko,K (2671) Khanty-Mansiysk 2019}) 10... Ne4 11. Be1 f5 12. Nc3 Bd6 13. Na2 g5 14. b4 $146 ({Predecessor:} 14. Rab1 Qf6 15. e3 h5 16. b4 h4 17. bxa5 hxg3 18. fxg3 {1-0 (52) Voit,D (2339)-Girya,O (2457) St Petersburg 2019}) 14... g4 15. Nd2 axb4 16. Nxe4 dxe4 17. Nxb4 c5 18. dxc5 Bxc5 19. Rd1 Qe7 20. Qb2 Nb6 {aiming for ...Bd7.} 21. Qb3 Bd7 {[%cal Rd7a4]} 22. a5 Nc8 $1 23. Nc2 Bc6 24. Bb4 Bxb4 25. Nxb4 Qc5 (25... Be8 $14) 26. Nxc6 $16 bxc6 27. a6 Ra7 28. Qc3 Nb6 29. Bf1 e3 (29... Qe7 $16) 30. fxe3 $18 Qxc4 31. Qe5 Nd7 32. Qf4 (32. Qd6 $1 $18) 32... Qxf4 $16 33. exf4 (33. gxf4 $6 Nb8 $11) 33... Kf7 34. Rd6 Rc8 35. e4 $1 fxe4 36. Rc1 Rac7 37. Bc4 {[%mdl 1024] White has strong compensation.} Nc5 38. Be2 (38. Rd4 $16) 38... Ke7 $11 39. Rcd1 h5 (39... Nd3 $6 40. Rd4 $16) 40. R6d4 Rd7 41. Rxd7+ Nxd7 $14 {[%mdl 4096] Endgame KRB-KRN} 42. Kf2 Nf6 43. Rd4 Rb8 44. Ra4 Kd6 45. Bf1 Rb2+ 46. Kg1 Rb8 47. Kf2 Rb2+ 48. Ke1 Rb8 49. Kd2 e5 50. f5 Nd5 51. Rxe4 (51. a7 $14 Ra8 52. Bg2) 51... Rb2+ $11 52. Ke1 Ra2 53. Bc4 $132 {[%mdl 2048] White puts up resistance} Ra4 54. Bd3 $1 Ra3 55. Kd2 c5 56. Re2 Ra4 57. Bb5 Ra5 58. Bd3 Ra4 {White should prevent ...c4.} 59. Re4 Ra2+ 60. Kc1 Ra3 61. Bb5 Ra5 {Strongly threatening ...Nc3.} 62. Bc4 Nb6 63. Bf7 Rxa6 64. Bxh5 Ra1+ 65. Kb2 Rh1 66. Re2 Nc4+ 67. Kc3 Rc1+ 68. Kd3 {With the idea Rf2.} Ke7 $1 69. Bxg4 Kf6 70. Ra2 {And now Ra6+ would win.} Kg5 71. h3 Nd6 72. Ra8 e4+ 73. Kd2 Rg1 74. Rd8 Nc4+ 75. Kc3 Ne5 76. Rg8+ Kf6 77. Be2 Kxf5 78. h4 e3 {Hoping for ...Rc1+.} 79. h5 $2 (79. Rf8+ $11 {and White has nothing to worry.} Ke6 80. h5) 79... Rc1+ $19 80. Kb3 Re1 $2 (80... c4+ $19 81. Kb4 Re1) 81. g4+ (81. h6 $1 $11 {remains equal.} Rxe2 82. h7) 81... Ke4 $17 82. h6 {h7 is the strong threat.} Rxe2 {KRN-KR} 83. h7 Rh2 $1 ({Much worse is} 83... Nf7 $6 84. Rf8 $11) 84. h8=Q Rxh8 85. Rxh8 {[#] KR-KN} e2 $1 {[%cal Re2e1]} ({Reject} 85... Nxg4 $6 86. Kc2 $11) 86. Rh1 {[#]} Kd3 $1 ({Don't play} 86... Nxg4 $6 87. Kc4 $11) 87. Rh3+ $2 {[%mdl 8192]} (87. g5 $17) 87... Kd2 $2 ({Black should play} 87... Kd4 $19 88. Rh1 Nf3) 88. Rh2 $1 $11 {The position is equal.} Ke3 {[#]} 89. Rxe2+ $3 {[%mdl 512]} Kxe2 90. Kc3 $1 Ke3 91. g5 Ke4 {[#]} 92. g6 $1 {[%cal Rg6g7][%mdl 512]} Nxg6 {( -> ...Ne5)} 93. Kc4 {Accuracy: White = 57%, Black = 65%.} 1/2-1/2

[Event "FIDE Chesscom Grand Swiss 2019"]
[Site "Douglas-Isle of Man"]
[Date "2019.10.19"]
[Round "9.27"]
[White "Parligras, Mircea-Emilian"]
[Black "Munguntuul, Batkhuyag"]
[Result "1-0"]
[WhiteElo "2629"]
[BlackElo "2421"]
[Annotator "ChessBase"]
[PlyCount "101"]
[EventDate "2019.10.10"]
[EventType "swiss"]
[EventCountry "GBR"]
[SourceTitle "playchess.com"]
[Source "ChessBase"]
[SourceQuality "1"]
[TimeControl "40/6000+30:20/3000+30:900+30"]

1. e4 {[%emt 0:00:00]} c5 {[%emt 0:00:00]} 2. Nf3 {[%emt 0:00:00]} e6 {[%emt 0:00:00]} 3. d4 {[%emt 0:00:11]} cxd4 {[%emt 0:00:00]} 4. Nxd4 {[%emt 0:00:07]} Nc6 {[%emt 0:00:00]} 5. Nc3 {[%emt 0:00:14]} Qc7 {[%emt 0:00:00]} 6. Qd3 {[%emt 0:00:43]} Nf6 {[%emt 0:19:23]} 7. Ndb5 {[%emt 0:00:17]} Qb8 {[%emt 0:00:48]} 8. Qg3 {[%emt 0:00:10]} d6 {[%emt 0:01:35]} 9. Be3 {[%emt 0:00:08]} a6 {[%emt 0:13:07]} 10. Nd4 {[%emt 0:00:14]} Bd7 {[%emt 0:10:08]} 11. f4 {[%emt 0:01:27]} Be7 {[%emt 0:06:15]} 12. Bd3 {[%emt 0:05:14]} b5 {[%emt 0:05:08]} 13. O-O-O {[%emt 0:12:39]} O-O {[%emt 0:06:02]} 14. Kb1 {[%emt 0:05:05]} Qb7 {[%emt 0:07:19]} 15. e5 {[%emt 0:04:52]} Ne8 {[%emt 0:12:04]} 16. h4 {[%emt 0:17:39]} f5 {[%emt 0:02:45]} 17. exf6 {[%emt 0:02:46]} Bxf6 {[%emt 0:00:02]} 18. Nce2 {[%emt 0:01:49]} Nb4 {[%emt 0:00:50]} 19. h5 {[%emt 0:04:20]} Nxd3 {[%emt 0:02:23]} 20. Rxd3 {[%emt 0:00:28]} b4 {[%emt 0:01:41]} 21. h6 {[%emt 0:02:04]} g6 {[%emt 0:00:20]} 22. Re1 {[%emt 0:07:11]} a5 {[%emt 0:01:45]} 23. Qf3 {[%emt 0:13:03]} Qxf3 {[%emt 0:02:27]} 24. Nxf3 {[%emt 0:00:05]} Ra6 {[%emt 0:00:24]} 25. Bd4 {[%emt 0:02:08]} Be7 {[%emt 0:01:10]} 26. g3 {[%emt 0:12:32]} a4 {[%emt 0:03:23]} 27. Nc1 {[%emt 0:05:01]} Ra5 {[%emt 0:00:48]} 28. Rde3 {[%emt 0:01:22]} Rh5 {[%emt 0:03:03]} 29. b3 {[%emt 0:01:02]} Rxh6 {[%emt 0:02:33]} 30. Nd3 {[%emt 0:00:23]} axb3 {[%emt 0:00:48]} 31. axb3 {[%emt 0:00:18]} Nc7 {[%emt 0:01:14]} 32. Nxb4 {[%emt 0:00:22]} Rb8 {[%emt 0:00:11]} 33. Nd3 {[%emt 0:00:14]} Rh5 {[%emt 0:04:20]} 34. Bb2 {[%emt 0:01:49]} Ra5 {[%emt 0:00:58]} 35. Nf2 {[%emt 0:01:34]} Nd5 {[%emt 0:00:49]} 36. Rd3 {[%emt 0:01:16]} Rba8 {[%emt 0:02:14]} 37. Ne4 {[%emt 0:01:18]} h6 {[%emt 0:01:28]} 38. Rh1 {[%emt 0:01:50]} Nb4 {[%emt 0:00:19]} 39. Rd4 {[%emt 0:03:09]} d5 {[%emt 0:00:22]} 40. Rxh6 {[%emt 0:03:16]} Nc6 {[%emt 0:00:01]} 41. Neg5 {[%emt 0:02:40]} Be8 {[%emt 0:21:07]} 42. Rxd5 {[%emt 0:08:57]} e5 {[%emt 0:01:40]} 43. Rxa5 {[%emt 0:07:43]} Rxa5 {[%emt 0:00:03]} 44. fxe5 {[%emt 0:00:22]} Bxg5 {[%emt 0:04:53]} 45. Nxg5 {[%emt 0:00:05]} Nxe5 {[%emt 0:00:09]} 46. Rh7 {[%emt 0:08:59]} Nf7 {[%emt 0:03:16]} 47. Rg7+ {[%emt 0:00:10]} Kf8 {[%emt 0:00:02]} 48. Nh7+ {[%emt 0:01:02]} Ke7 {[%emt 0:00:02]} 49. Rxg6 {[%emt 0:00:05]} Rh5 {[%emt 0:03:04]} 50. Ba3+ {[%emt 0:00:49]} Kd8 {[%emt 0:00:02]} 51. Nf6 {[%emt 0:00:11]} 1-0

[Event "FIDE Chesscom Grand Swiss 2019"]
[Site "Douglas-Isle of Man"]
[Date "2019.10.19"]
[Round "9.28"]
[White "Dreev, Aleksey"]
[Black "Narayanan.S.L"]
[Result "1/2-1/2"]
[WhiteElo "2662"]
[BlackElo "2611"]
[Annotator "TA"]
[PlyCount "95"]
[EventDate "2019.10.10"]
[EventType "swiss"]
[EventCountry "GBR"]
[SourceTitle "playchess.com"]
[Source "ChessBase"]
[SourceQuality "1"]

{[%evp 13,95,0,19,0,0,0,3,-14,-10,-24,-29,-34,-30,-29,-38,-24,-6,-7,-18,-33,-14,-41,-32,-52,0,-21,-6,-30,30,0,0,0,32,0,7,0,0,0,0,0,0,-14,-7,-9,-4,-11,0,0,0,0,0,-19,0,0,-3,-5,0,0,0,0,0,0,0,0,0,0,0,0,0,0,0,0,0,-6,-8,-23,-14,-7,0,-16,0,-7,0,-37]} 1. d4 Nf6 2. Nf3 g6 3. g3 Bg7 4. Bg2 d5 5. c4 c6 6. Qb3 O-O 7. O-O a5 {[%cal Ba7a5,Ba5a4][%mdl 32]} 8. Bf4 {D78: Fianchetto Grünfeld: 6 0-0 c6} a4 9. Qb4 Nbd7 {[%cal Bb8d7,Bd7b6,Bb6d5][%mdl 32]} 10. Rc1 $146 ({Predecessor:} 10. Na3 dxc4 11. Qxc4 Nb6 12. Qc1 Be6 13. Bh6 Bd5 14. Rd1 Qd6 15. Bxg7 Kxg7 {1-0 (41) Vaganian,R (2640)-Smirin,I (2673) Mallorca 2004}) 10... dxc4 11. Qxc4 Nb6 12. Qc5 Bf5 13. Rd1 Nbd5 14. Be5 Bh6 {Hoping for ...Ne4.} 15. Bxf6 exf6 16. Nc3 Ra5 (16... Re8 $5 {[%cal Rh6f8]} 17. Nxd5 cxd5 $11) 17. Qa3 Re8 {[#] Strongly threatening ...Bf8.} 18. Nxd5 Qxd5 (18... cxd5 $15 19. e3 Bf8) 19. e3 Be4 20. Ne1 {f3 is the strong threat.} Qd7 ({Black should play} 20... Bf8 21. Bxe4 Qxe4) 21. Bxe4 (21. b4 $5 {[%cal Rb4a5]} Rh5 22. Bxe4 Rxe4 23. Qd3 $11 (23. Qxa4 Qh3 $17)) 21... Rxe4 22. Qd3 f5 23. Nf3 Re8 24. Qc4 Rea8 25. Ne5 Qe8 26. Rac1 Bf8 27. Re1 Bd6 28. Nf3 Rb5 29. Re2 Rb4 30. Qc2 Qe6 31. a3 Rb5 32. Qc4 Ra6 33. Ng5 Qe7 34. Nf3 Qe6 35. Rd2 Rd5 36. Re1 Qe4 37. Qe2 Qe7 38. Rc1 Qe6 39. Ng5 Qe7 40. Nf3 Qd8 41. Ne1 h5 42. Nf3 Be7 43. Ne5 h4 44. Rdc2 Bd6 45. Nf3 {The position is equal.} Be7 46. Ne5 Bd6 47. Nf3 Be7 48. Ne5 {Accuracy: White = 61%, Black = 59%.} 1/2-1/2

[Event "FIDE Chesscom Grand Swiss 2019"]
[Site "Douglas-Isle of Man"]
[Date "2019.10.19"]
[Round "9.28"]
[White "Akobian, Varuzhan"]
[Black "Ushenina, Anna"]
[Result "1-0"]
[WhiteElo "2625"]
[BlackElo "2431"]
[Annotator "ChessBase"]
[PlyCount "65"]
[EventDate "2019.10.10"]
[EventType "swiss"]
[EventCountry "GBR"]
[SourceTitle "playchess.com"]
[Source "ChessBase"]
[SourceQuality "1"]
[TimeControl "40/6000+30:20/3000+30:900+30"]

1. d4 {[%emt 0:00:35]} Nf6 {[%emt 0:00:00]} 2. c4 {[%emt 0:00:15]} e6 {[%emt 0:00:00]} 3. Nc3 {[%emt 0:00:27]} Bb4 {[%emt 0:00:01]} 4. g3 {[%emt 0:00:46]} c5 {[%emt 0:00:44]} 5. d5 {[%emt 0:00:39]} exd5 {[%emt 0:06:45]} 6. cxd5 {[%emt 0:04:21]} d6 {[%emt 0:00:34]} 7. Bg2 {[%emt 0:06:50]} O-O {[%emt 0:00:18]} 8. Nf3 {[%emt 0:02:53]} Ne4 {[%emt 0:02:42]} 9. Qc2 {[%emt 0:58:06]} Qf6 {[%emt 0:15:59]} 10. Bd2 {[%emt 0:00:00]} Nxd2 {[%emt 0:33:04]} 11. Nxd2 {[%emt 0:00:00]} Nd7 {[%emt 0:08:37]} 12. O-O {[%emt 0:00:00]} Qd8 {[%emt 0:04:11]} 13. e4 {[%emt 0:00:00]} a6 {[%emt 0:05:33]} 14. a4 {[%emt 0:00:00]} Rb8 {[%emt 0:01:32]} 15. Nc4 {[%emt 0:00:00]} Nb6 {[%emt 0:06:20]} 16. Ne3 {[%emt 0:00:00]} Nd7 {[%emt 0:00:17]} 17. f4 {[%emt 0:00:00]} b5 {[%emt 0:02:22]} 18. axb5 {[%emt 0:00:00]} axb5 {[%emt 0:00:01]} 19. Kh1 {[%emt 0:00:00]} Re8 {[%emt 0:02:10]} 20. g4 {[%emt 0:16:43]} g6 {[%emt 0:06:29]} 21. g5 {[%emt 0:00:30]} h5 {[%emt 0:02:52]} 22. h4 {[%emt 0:01:29]} c4 {[%emt 0:00:28]} 23. e5 {[%emt 0:00:27]} Qb6 {[%emt 0:08:49]} 24. Rae1 {[%emt 0:04:03]} dxe5 {[%emt 0:00:46]} 25. f5 {[%emt 0:00:19]} Bxc3 {[%emt 0:00:14]} 26. fxg6 {[%emt 0:02:43]} fxg6 {[%emt 0:00:24]} 27. Rf6 {[%emt 0:03:01]} Nxf6 {[%emt 0:00:02]} 28. Qxg6+ {[%emt 0:00:10]} Kf8 {[%emt 0:00:32]} 29. Rf1 {[%emt 0:02:08]} Ke7 {[%emt 0:01:23]} 30. Rxf6 {[%emt 0:02:41]} Qc5 {[%emt 0:00:01]} 31. Rf7+ {[%emt 0:01:15]} Kd8 {[%emt 0:00:05]} 32. Qf6+ {[%emt 0:00:08]} Re7 {[%emt 0:00:13]} 33. d6 {[%emt 0:00:17]} 1-0

[Event "FIDE Chesscom Grand Swiss 2019"]
[Site "Douglas-Isle of Man"]
[Date "2019.10.19"]
[Round "9.29"]
[White "Dubov, Daniil"]
[Black "Movsziszian, Karen"]
[Result "1-0"]
[WhiteElo "2699"]
[BlackElo "2475"]
[Annotator "TA"]
[PlyCount "129"]
[EventDate "2019.10.10"]
[EventType "swiss"]
[EventCountry "GBR"]
[SourceTitle "playchess.com"]
[Source "ChessBase"]
[SourceQuality "1"]

{[%evp 9,129,31,43,34,35,30,29,29,33,32,50,42,74,52,84,77,91,80,59,68,67,44,40,40,38,41,42,37,101,107,162,152,144,43,32,37,39,25,49,27,32,18,22,0,0,0,0,0,30,30,30,27,38,27,99,99,93,112,105,66,120,83,210,185,216,193,245,130,121,0,241,234,245,245,226,225,239,248,238,172,192,186,189,181,210,201,183,185,187,180,176,120,203,239,250,250,250,250,250,249,257,248,256,232,258,262,242,231,989,1505,1430,1391,1541,807,1587,1575,1427,1412,1179,969,1266,1260]} 1. e4 d6 2. d4 Nf6 3. Nc3 g6 4. Nf3 Bg7 5. Be3 Nc6 6. d5 {B06: Modern Defence} Nb8 7. Bc4 (7. Qd2 c6 8. Be2 O-O 9. O-O cxd5 10. exd5 b6 11. Bh6 Bb7 12. Bxg7 Kxg7 13. Nd4 a6 {½-½ (30) Aronian,L (2797)-Nakamura,H (2781) Caleta 2018}) 7... c6 8. a4 {White has an edge.} O-O 9. h3 a5 10. O-O Qc7 $146 ({Predecessor:} 10... Na6 11. Re1 Qc7 12. Qd2 Nb4 13. Bb3 Nd7 14. Bh6 Nc5 15. Bxg7 Kxg7 {1-0 (39) Zhigalko,A (2570)-Vlasenko,M (2357) Voronezh 2011}) 11. Qe2 Re8 12. Rad1 e6 13. dxe6 Bxe6 14. Bf4 Bf8 $1 15. Rd2 $36 {[%mdl 2048] White has good play.} Nbd7 16. Rfd1 {And now Bxe6 would win.} Ne5 17. Nxe5 dxe5 18. Bg5 Bg7 (18... Qe7 $14) 19. Rd6 $16 Bxc4 (19... Qc8 $16) 20. Qxc4 $18 Rad8 21. R6d3 (21. Rxd8 $1 $16 Rxd8 22. Nd5) 21... Rxd3 $14 22. Rxd3 Qe7 23. Nb1 h6 24. Bd2 Qc7 25. Bc3 Nd7 26. Na3 {Black must now prevent Nb5!} Nb6 27. Qb3 Nd7 $1 {[%cal Rd7c5] White should prevent ...Nc5.} 28. Rf3 Re6 (28... Nc5 $5 {[%cal Rc5b3]} 29. Bxa5 Qd7 $11) 29. Nc4 b6 30. Bd2 Bf8 31. Be3 {[%cal Re3b6]} Nc5 (31... Bb4 $11 {keeps the balance.}) 32. Qxb6 $16 Qxb6 33. Nxb6 Nxe4 34. Nc4 c5 (34... Nd6 $1 $14 35. Nxd6 (35. Nxa5 e4 $11) 35... Rxd6) 35. Bc1 (35. Nxa5 Ra6 $15) 35... Re8 (35... Nd6 $16 36. Nxa5 Nf5) 36. Re3 (36. Nxa5 $6 Ra8 $14) 36... f5 37. f3 (37. Nxa5 Ra8 $14) 37... Ng3 (37... Rd8 $142) 38. Kf2 (38. Nxe5 $6 c4 $16) (38. Re1 $18) 38... Nh1+ 39. Kg1 (39. Kf1 $16) 39... Ng3 $18 40. Re1 (40. Nxe5 $6 c4 $16) 40... e4 41. Kf2 (41. Nxa5 Ra8 $16) 41... Nh5 42. fxe4 (42. Nxa5 Bd6 $11) 42... fxe4 43. Bd2 (43. Nxa5 Bd6 $11) 43... Bg7 44. g4 (44. Nxa5 Bd4+ 45. Be3 Bxb2 $16) 44... Nf6 45. Bxa5 Nd5 46. Bd2 Bd4+ 47. Kg2 e3 {[#]} 48. Bc1 $1 Re4 49. a5 Bc3 50. Nd6 ({Worse is} 50. Nxe3 Bxe1 51. Nxd5 Re2+ 52. Kf3 (52. Kf1 $2 Rxc2 53. Kxe1 Rxc1+ 54. Kd2 Ra1 $19) 52... Rxc2 $19) (50. bxc3 $18 Rxc4 51. Bb2 (51. Bxe3 Nxe3+ 52. Rxe3 Kf7 $16)) 50... Re6 (50... Rxg4+ $16 {was worth a try.} 51. hxg4 Bxe1) 51. bxc3 {[%cal Bb2c3,Bc3c4][%mdl 32]} Rxd6 {[%mdl 4096] Endgame [#] KRB-KRN} 52. c4 $1 {[%cal Rc4d5]} ({Don't take} 52. Bxe3 $6 Nxe3+ 53. Rxe3 Ra6 $16) 52... Nb4 53. Bxe3 Nxc2 54. Re2 Nxe3+ 55. Rxe3 {KR-KR} Rd2+ 56. Kf3 {Strongly threatening Ra3.} Ra2 57. Ke4 Rxa5 58. Kd5 g5 $2 (58... Kf7 59. h4 Ra8) 59. Kc6 {White is clearly winning.} Kf7 60. Kb6 Ra8 61. Kxc5 Rc8+ 62. Kb5 Rb8+ 63. Ka6 Rc8 64. Rc3 Ke6 65. Kb7 {Accuracy: White = 65%, Black = 53%.} 1-0

[Event "FIDE Chesscom Grand Swiss 2019"]
[Site "Douglas-Isle of Man"]
[Date "2019.10.19"]
[Round "9.29"]
[White "Abasov, Nijat"]
[Black "Sjugirov, Sanan"]
[Result "1-0"]
[WhiteElo "2632"]
[BlackElo "2662"]
[Annotator "TA"]
[PlyCount "79"]
[EventDate "2019.10.10"]
[EventType "swiss"]
[EventCountry "GBR"]
[SourceTitle "playchess.com"]
[Source "ChessBase"]
[SourceQuality "1"]

{[%evp 19,79,21,25,0,32,30,32,37,38,26,19,29,29,4,41,33,47,44,55,43,52,32,47,27,24,12,106,108,100,114,123,91,123,118,125,126,118,109,139,147,122,54,47,7,17,11,10,12,11,12,12,11,11,22,494,470,521,512,727,701,29998,29999]} 1. Nf3 d5 2. d4 Nf6 3. c4 e6 4. Nc3 Bb4 5. Bg5 h6 6. Bxf6 Qxf6 7. e3 O-O 8. Rc1 dxc4 9. Bxc4 c5 10. dxc5 Bxc5 11. Qc2 {D38: Queen's Gambit Declined: Ragozin Defence (4 Nf3 Bb4)} Be7 $146 ({Predecessor:} 11... Bb4 12. O-O Nd7 13. Ne4 Qe7 14. a3 Ba5 15. Rfd1 Rd8 16. Ba2 Nf6 17. Bb1 g6 18. Ne5 Kg7 19. Rxd8 Bxd8 {½-½ (113) Melkumyan,H (2633)-Nguyen,N (2629) Doha 2016}) 12. O-O Nc6 13. Rfd1 {White is slightly better.} Rd8 14. Rxd8+ Bxd8 15. Rd1 Qe7 16. Qd3 Ba5 17. Bb5 Qb4 18. Ne4 Bc7 19. a3 Qe7 $1 20. Nd6 $36 {[%mdl 2048] Black is under pressure.} Rb8 21. Bxc6 (21. b4 {is more complex.} a5 22. bxa5 Bd7 23. g3 Nxa5 24. Nf5) 21... bxc6 22. Ne5 Qxd6 (22... Bd7 $1 $11) 23. Qxd6 $16 Bxd6 24. Rxd6 Rxb2 $11 {[%mdl 4096] Endgame ( -> ...Rb1+). KRB-KRN} 25. h4 Bb7 26. Rd8+ Kh7 27. Nxf7 {Strongly threatening h5.} Kg6 28. Ne5+ Kf6 29. f4 Kf5 {[#]} 30. Nd3 ({Better is} 30. Nc4 $1 $16 {[%cal Rc4b2]} Rb1+ 31. Kh2) 30... Rb5 $14 31. Nf2 e5 32. g4+ Ke6 33. f5+ Ke7 34. Rg8 Kf7 $1 {[%cal Rf7g8]} 35. Rb8 {Black must now prevent Ne4.} c5 $1 36. Nd3 Kf6 $2 {[%mdl 8192] [#]} (36... c4 $11 {and Black stays safe.} 37. Nxe5+ Rxe5 38. Rxb7+ {[%mdl 64] Double Attack} Kf6) 37. Re8 $1 $18 {[%cal Re8e6]} Bd5 38. Nxe5 Rb7 {[#]} 39. e4 $1 {[%mdl 512]} Bf7 {[#]} (39... Bxe4 40. Re6#) 40. g5+ {Played: Ne5-d7} 1-0

[Event "FIDE Chesscom Grand Swiss 2019"]
[Site "Douglas-Isle of Man"]
[Date "2019.10.19"]
[Round "9.30"]
[White "Nabaty, Tamir"]
[Black "Paravyan, David"]
[Result "0-1"]
[WhiteElo "2658"]
[BlackElo "2602"]
[Annotator "TA"]
[PlyCount "38"]
[EventDate "2019.10.10"]
[EventType "swiss"]
[EventCountry "GBR"]
[SourceTitle "playchess.com"]
[Source "ChessBase"]
[SourceQuality "1"]

{[%evp 9,64,16,25,16,18,14,17,13,18,9,15,-21,-29,-83,-84,-138,-138,-249,-270,-246,-264,-263,-253,-494,-487,-564,-527,-535,-533,-541,-515,-511,-529,-621,-620,-595,-596,-627,-621,-658,-604,-740,-737,-927,-916,-904,-906,-1088,-1020,-1010,-1002,-992,-956,-1252,-1217,-1178,-1123]} 1. d4 Nf6 2. Nf3 g6 3. Nbd2 d5 4. b3 (4. e3 Bg7 5. b4 O-O 6. Bb2 c6 7. c4 Nbd7 8. a4 Ne4 9. cxd5 Nxd2 10. Qxd2 cxd5 11. Bd3 Nf6 12. O-O Ne4 13. Qe2 Nd6 14. Rfc1 Bf5 15. Bxf5 gxf5 {1-0 (47) Sargissian,G (2689)-Kovalev,V (2683) St Petersburg 2018}) 4... Bf5 $146 ({Predecessor:} 4... Bg7 5. Bb2 O-O 6. e3 b6 7. c4 Bb7 8. Rc1 e6 9. Bd3 Nbd7 10. O-O c5 11. Qe2 cxd4 12. Bxd4 Qe7 13. Bb1 Rac8 14. cxd5 Nxd5 15. Bxg7 Kxg7 {1-0 (26) Ushenina,A (2416)-Muzychuk,A (2582) Huaian 2017}) 5. Bb2 Nbd7 6. c4 {D02: 1 d4 d5 2 Nf3 sidelines, including 2...Nf6 3 g3 and 2...Nf6 3 Bf4} c6 7. e3 e6 8. Be2 {The position is equal.} Bd6 9. Ne5 h5 10. f3 Qc7 {[%cal Rd7e5]} 11. c5 (11. f4 $11) 11... Nxc5 $17 12. Rc1 (12. Nxc6 $142 Nxb3 13. Qxb3 bxc6 14. Ba3) 12... Ncd7 {[%cal Rd7e5]} 13. e4 (13. f4 $17 {might work better.}) 13... dxe4 $19 ({And not} 13... Nxe5 14. dxe5 Bxe5 15. Bxe5 $11) 14. Nxd7 Kxd7 15. d5 Nxd5 16. Nc4 $2 (16. Nxe4 Be5 17. Bxe5 Qxe5 18. O-O) 16... Bxh2 {Black is clearly winning.} 17. Bxh8 Bg3+ 18. Kf1 Rxh8 19. Qd4 exf3 {Played: Qc7-f4} 0-1

[Event "FIDE Chesscom Grand Swiss 2019"]
[Site "Douglas-Isle of Man"]
[Date "2019.10.19"]
[Round "9.30"]
[White "Danielian, Elina"]
[Black "Iturrizaga Bonelli, Eduardo"]
[Result "1/2-1/2"]
[WhiteElo "2385"]
[BlackElo "2629"]
[Annotator "ChessBase"]
[PlyCount "80"]
[EventDate "2019.10.10"]
[EventType "swiss"]
[EventCountry "GBR"]
[SourceTitle "playchess.com"]
[Source "ChessBase"]
[SourceQuality "1"]
[TimeControl "40/6000+30:20/3000+30:900+30"]

1. d4 {[%emt 0:00:00]} Nf6 {[%emt 0:00:00]} 2. c4 {[%emt 0:00:00]} e6 {[%emt 0:00:00]} 3. Nc3 {[%emt 0:00:00]} Bb4 {[%emt 0:00:00]} 4. e3 {[%emt 0:00:41]} O-O {[%emt 0:00:12]} 5. Bd3 {[%emt 0:00:04]} d5 {[%emt 0:00:19]} 6. Nf3 {[%emt 0:00:05]} c5 {[%emt 0:00:14]} 7. O-O {[%emt 0:00:13]} b6 {[%emt 0:00:09]} 8. cxd5 {[%emt 0:11:15]} exd5 {[%emt 0:00:43]} 9. Ne5 {[%emt 0:00:47]} Bxc3 {[%emt 0:05:01]} 10. bxc3 {[%emt 0:00:06]} Ba6 {[%emt 0:00:04]} 11. dxc5 {[%emt 0:13:56]} Qc7 {[%emt 0:01:22]} 12. Nf3 {[%emt 0:11:48]} Qxc5 {[%emt 0:03:51]} 13. Bxa6 {[%emt 0:01:15]} Nxa6 {[%emt 0:00:08]} 14. Qd3 {[%emt 0:00:16]} Qc4 {[%emt 0:24:36]} 15. Qxc4 {[%emt 0:00:46]} dxc4 {[%emt 0:00:06]} 16. Ba3 {[%emt 0:00:09]} Rfd8 {[%emt 0:01:43]} 17. Nd4 {[%emt 0:00:36]} Ne4 {[%emt 0:01:30]} 18. Rfc1 {[%emt 0:03:52]} Rd7 {[%emt 0:02:57]} 19. Rc2 {[%emt 0:06:11]} Re8 {[%emt 0:00:46]} 20. Rb1 {[%emt 0:01:05]} g6 {[%emt 0:01:46]} 21. f3 {[%emt 0:03:22]} Nec5 {[%emt 0:08:01]} 22. Bxc5 {[%emt 0:07:14]} Nxc5 {[%emt 0:01:27]} 23. e4 {[%emt 0:00:07]} Kg7 {[%emt 0:10:09]} 24. h4 {[%emt 0:01:34]} Ne6 {[%emt 0:28:49]} 25. Rb4 {[%emt 0:06:22]} Nxd4 {[%emt 0:11:16]} 26. cxd4 {[%emt 0:00:03]} Rxd4 {[%emt 0:00:07]} 27. Rbxc4 {[%emt 0:00:14]} Red8 {[%emt 0:00:04]} 28. Rc7 {[%emt 0:03:35]} R8d7 {[%emt 0:00:04]} 29. Rxd7 {[%emt 0:04:50]} Rxd7 {[%emt 0:00:06]} 30. Kf2 {[%emt 0:00:10]} Rd4 {[%emt 0:00:08]} 31. Ke3 {[%emt 0:00:15]} Ra4 {[%emt 0:00:04]} 32. Kf4 {[%emt 0:05:58]} Ra5 {[%emt 0:01:35]} 33. Ke3 {[%emt 0:04:19]} Kf6 {[%emt 0:00:29]} 34. g4 {[%emt 0:07:14]} h6 {[%emt 0:00:57]} 35. f4 {[%emt 0:03:09]} Kg7 {[%emt 0:00:47]} 36. Kd4 {[%emt 0:08:00]} Ra3 {[%emt 0:01:00]} 37. g5 {[%emt 0:01:05]} Rh3 {[%emt 0:05:03]} 38. gxh6+ {[%emt 0:01:00]} Kxh6 {[%emt 0:00:05]} 39. Rc7 {[%emt 0:00:28]} Kg7 {[%emt 0:00:07]} 40. Rxa7 {[%emt 0:00:37]} Rxh4 {[%emt 0:00:08]} 1/2-1/2